Bl thaï actor surname #1 - Statistics

General Stats
  • This quiz has been taken 46 times
  • The average score is 7 of 14
Answer Stats
PIcture Answer % Correct
Pond Naravit
93%
Joong Archen
88%
Win Metawin
83%
Dunk Natachai
78%
Tay Tawan
59%
Bright Vachirawit
51%
Fourth Nattawat
41%
Gemini Norawit
41%
Earth Pirapat
39%
Phuwin Tangsakyuen
37%
New Thitipoom
34%
First Kanaphan
29%
Mix Sahaphap
24%
Khaotung Thanawat
22%
No matching quizzes found
Score Distribution
Percent of People with Each Score
Percentile by Number Answered
Your Score History
You have not taken this quiz